| 000 | 00407nam a22001457a 4500 | ||
|---|---|---|---|
| 999 |
_c524142 _d524142 |
||
| 020 | _a81-7167-300-7 | ||
| 040 | _cNUST | ||
| 082 |
_a891.4391708 _bRAH |
||
| 100 |
_aAnisur Rahman _914968 |
||
| 245 |
_aFire and the rose : _bAn anthology of modern urdu poetry / _cAnisur Rahman. |
||
| 260 |
_aNew Delhi : _bGopsons Papers Ltd, _c1995. |
||
| 300 |
_a353 p. ; _c20 cm. |
||
| 500 | _aHardback. | ||
| 942 |
_2ddc _cBK |
||